000 00636nam a2200193Ia 4500
008 151119s9999||||xx |||||||||||||| ||und||
082 _a181
082 _bGKKV5973
100 _aबर्वे राजेंद्र
245 _aमनोविकार कथा आणि व्यथा
260 _a--
260 _b--
260 _c0
600 _aबर्वे राजेंद्र
630 _aमनोविकार कथा आणि व्यथा
700 _aबर्वे राजेंद्र
730 _aमनोविकार कथा आणि व्यथा
942 _cBOOK
999 _c1060908
_d1060905